00217nam a22000977a 4500020001800000082001200018100002000030245003400050260002600084300000900110 a9781433820854 a371.713 aDennis J. Simon aSchool-centered interventions aWashingtonbAPAc2016 a317p